A new partnership structure for profitable development of invesment ventures in foreign countries

Uloženo v:
Podrobná bibliografie
Médium: Kniha
Jazyk:Undetermined
Vydáno: Greece Litton
Témata:
Tagy: Přidat tag
Žádné tagy, Buďte první, kdo otaguje tento záznam!
Thư viện lưu trữ: Trung tâm Học liệu Trường Đại học Cần Thơ
LEADER 00413nam a2200133Ia 4500
001 CTU_84878
008 210402s9999 xx 000 0 und d
082 |a 332.6 
082 |b N532 
245 2 |a A new partnership structure for profitable development of invesment ventures in foreign countries 
260 |a Greece 
260 |b Litton 
650 |a invesment 
980 |a Trung tâm Học liệu Trường Đại học Cần Thơ